00793nam a22001937a 450000500170000000800410001704000270005804100080008504400070009308200200010011000790012024501900019926000380038930000310042765000260045865000300048465000520051465100330056620200104041807.0200102b xxu||||| |||| 00| 0 spa d aCO-BoIAVH cCO-BoIAVH  aspa acl a363.70561bN11a aNaciones Unidas.bComisión Económica para América Latina y el Caribe aAcuerdo Regional sobre el Acceso a la Información, la Participación Pública y el Acceso a la Justicia en Asuntos Ambientales en América Latina y el CaribecNaciones Unidas CEPAL aSantiago,bNaciones Unidas,c2018 a39 páginasc21.5 x 14 cm 0aDesarrollo sostenible 0aParticipación ciudadana 0aParticipación Ciudadana y Educacion Ambiental 0aAmérica Latina y el Caribe